| 000 | 00906nam a2200325 a 4500 | ||
|---|---|---|---|
| 001 | 0000418 | ||
| 003 | DO-SdBNP | ||
| 005 | 20180126134854.0 | ||
| 007 | 0000418 | ||
| 008 | 091125s1977 sp a 000 0 spa d | ||
| 020 | _a8473740157 | ||
| 040 |
_aBPMSU _bspa _cBPMSU |
||
| 100 | _aHewish, Mark | ||
| 245 | 1 | 3 |
_aEl libro de los jets / _cMark Hewish ; ilustraciones Derek Bunce...[et.al] |
| 260 |
_aPinto (Madrid) : _bPlesa, _c1977. |
||
| 300 |
_a32 p. : _bil. ; _c28 cm. |
||
| 490 | 1 | _aEl joven cientÃfico | |
| 700 | 1 |
_aBunce, Derek _eil. |
|
| 700 | 1 |
_aDavies, Gordon _eil. |
|
| 700 | 1 |
_aEnglish, Malcolm _eil. |
|
| 700 | 1 |
_aGreen, Phil _eil. |
|
| 700 | 1 |
_aHadler, Terry _eil. |
|
| 700 | 1 |
_aHutchinson, John _eil. |
|
| 700 | 1 |
_aRoffe, Michael _eil. |
|
| 830 | 0 | _aEl joven cientÃfico | |
| 910 | _a | ||
| 942 |
_2ddc _cBK |
||
| 945 | _aInventariado, 2018 / BT | ||
| 956 |
_aYngrid Lockward _b10 |
||
| 999 |
_c10425 _d10425 |
||